000 00433nam a2200181Ia 4500
001 14826
005 20260306164942.0
008 260306t2008||||xx |||||||||||||| ||spa||
041 _aESP
082 _a519.4
_bJ43
100 _aJerves Cobo, Alex Javier
_eAUT
245 0 _aElementos de cálculo numérico
260 _c2008
300 _a518 páginas :
_c24 cm.
650 _aGEN
654 _aCMA
942 _cLIB
_dJUS
_fJUS
_2ddc
_n
999 _c14826
_d14826